01245nam a2200265 a 450000100100000000500170001000800410002704000250006808200180009311000730011124500940018426000940027830000300037250400730040250400360047565000370051165000470054871000490059571000450064471000660068971000440075571000500079995201150084999900150096400000582320211129112639.0090824s1997 dr d 000 0 spa d aDO-SdBNPbspacBNPHU a338.16bR426p1 aRepública Dominicana. Secretaría de Estado de Agricultura91644610aPlan de acción para impulsar el desarrollo y la competitividad del sector agropecuario. aSantiago de los Caballeros, República Dominicana :bSEA : ISA : AID : JAD : FDA,c1997. a88 P. :bdiagr. ;c27 cm. aIncluye referencias bibliográficas y notas al pie de las páginas aIncluye bibliografías (p. 74) 4aAgriculturaxPlaneación916447 4aAgricultura de paises en desarrollo9164481 aSecretaría de Estado de Agricultura9164491 aInstituto Superior de Agricultura9164501 a United States.b Agency for International Development9580561 aJunta Agroempresarial Dominicana9164521 aFundación de Desarrollo Agropecuario916453 0010718PDaPDbPDcCTd2009-09-10iLF1l0o338.16 R426pp5823-10r2020-06-25w2020-06-25yLFPDZNo se presta c5619d5619